| 000 | | | 06345cbc2a2200000#x 450 |
| 001 | | | 5711edef-912c-442c-b14a-949dd53e7a3b |
| 005 | | | 20260316134615.0 |
| 101 | 0# | $a | rus |
| 102 | ## | $a | RU |
| 200 | 1# | $a | Докладные записки и письма по вопросу об осаде крепости Карс |
| | $j | 1 марта - 27 октября 1877 г. |
| 251 | ## | $c | Дело |
| 215 | ## | $a | 33 листа |
| | $d | 36,5x26 см |
| 225 | 0# | $a | Фонд Лорис-Меликов Михаил Тариэлович, граф (1825-1888) |
| | $h | Опись № 1 |
| 801 | #0 | $a | RU |
| | $b | РГИА |
| 801 | #1 | $2 | rusmarc |
| | $a | RU |
| | $b | ПБ им. Б.Н. Ельцина |
| | $c | 20150827 |
| 801 | #2 | $a | RU |
| | $b | ПБ им. Б.Н. Ельцина |
| | $g | RCR |
| | $2 | rusmarc |
| 850 | ## | $a | Федеральное казенное учреждение "Российский государственный исторический архив" |
| 852 | ## | $a | РГИА |
| | $j | 71 |
| 937 | ## | $d | 11136112 |
| | $h | ПБ |
| 100 | ## | $a | 20131002l18771877k##a0rusy0102####са |
| 105 | ## | $a | y### |
| 122 | 2# | $a | d18770301## |
| | $a | d18771027## |
| 035 | ## | $a | 5711edef-912c-442c-b14a-949dd53e7a3b |
| 300 | ## | $a | Рукописный текст. Чернила |
| 461 | #0 | $1 | 001cda3d175-ae4a-411a-8dea-9cc20fb178f6 |
| | $1 | 2001 |
| | $a | Лорис-Меликов Михаил Тариелович, граф, министр внутренних дел, главный начальник "верховной распорядительной комиссии по охранению государственного порядка и общественного спокойствия", генерал от кавалерии |
| | $1 | 251 |
| | $c | Фонд |
| | $1 | 852 |
| | $j | 569 |
| 462 | #0 | $1 | 001163e060a-d7cc-404d-90ee-e28c9801971b |
| | $1 | 2001 |
| | $a | Опись дел фонда М. Т. Лорис-Меликова за 1858-1915 гг. |
| | $v | Д. 71 |
| | $1 | 251 |
| | $c | Опись |
| | $1 | 852 |
| | $j | 1 |
| 600 | #1 | $2 | nlr_sh |
| | $3 | RU\NLR\AUTH\66321485 |
| | $a | Лорис-Меликов |
| | $g | Михаил Тариелович |
| | $b | М.Т. |
| | $f | 1825 - 1888 |
| | $j | Документы и материалы |
| 606 | 1# | $2 | nlr_sh |
| | $3 | RU\NLR\AUTH\6661860 |
| | $a | Государственные и политические деятели |
| | $y | Россия |
| | $z | 19 в. |
| | $j | Документы и материалы |
| 606 | 1# | $a | Генерал-губернаторы |
| | $y | Россия |
| | $j | Документы и материалы |
| | $2 | nlr_sh |
| | $3 | RU\NLR\AUTH\661417618 |
| 606 | 1# | $a | Русско-турецкая война |
| | $2 | nlr_sh1 |
| | $3 | RU\NLR\AUTH\661044156 |
| | $z | 1877 - 1878 |
| | $x | История |
| | $j | Документы и материалы |
| 606 | 1# | $a | Крымская война |
| | $z | 1853 - 1856 |
| | $j | Документы и материалы |
| | $2 | nlr_sh |
| | $3 | RU\NLR\AUTH\66222054 |
| 605 | ## | $2 | acquisition_Prlib |
| | $3 | LIBNET\UAF\0000117522 |
| | $a | Русско-турецкая война 1877-1878 годов |
| | $l | коллекция |
| 605 | ## | $2 | acquisition_Prlib |
| | $3 | DITM\AF\0000004166 |
| | $a | Россия в лицах |
| | $l | коллекция |
| 605 | ## | $2 | acquisition_Prlib |
| | $3 | DITM\AF\0000002775 |
| | $a | Власть |
| | $l | коллекция |
| 686 | ## | $a | 63.3(2)522-8ю14 |
| | $2 | rubbk |
| | $v | LBC/M |
| 686 | ## | $a | 63.3(2)522-68ю11 |
| | $v | LBC/M |
| | $2 | rubbk |
| 686 | ## | $a | 63.3(2)521.2-68ю11 |
| | $v | LBC/M |
| | $2 | rubbk |